Zníženie daňových príjmov kvôli spomaleniu ekonomiky a výpadku DPPO v 2011 prognóza daňových a odvodových príjmov verejnej správy na roky 2012 – 2015 (september 2012) : komentár 2012/17

Guardado en:
Detalles Bibliográficos
Autor principal: Sporina, Ján
Otros Autores: Remeta, Ján
Formato: Libro
Lenguaje:eslovaco
Publicado: Bratislava 2012
Materias:
Etiquetas: Agregar Etiqueta
Sin Etiquetas, Sea el primero en etiquetar este registro!

MARC

LEADER 00000nam a2200000 4500
001 0192132
005 20240416113600.7
041 0 |a slo 
044 |a SK 
245 1 0 |a Zníženie daňových príjmov kvôli spomaleniu ekonomiky a výpadku DPPO v 2011  |b prognóza daňových a odvodových príjmov verejnej správy na roky 2012 – 2015 (september 2012) : komentár 2012/17  |c Ján Sporina, Ján Remeta 
264 1 |a Bratislava  |c 2012 
300 |a [7 s., 11,6 NS] 
610 2 0 |a dane 
610 2 0 |a príjmy 
610 2 0 |a rozpočet štátny 
610 2 0 |a Slovensko 
100 1 |a Sporina, Ján 
700 1 |a Remeta, Ján